Kỹ thuật nuôi cá trê, lươn, giun đất

সংরক্ষণ করুন:
গ্রন্থ-পঞ্জীর বিবরন
প্রধান লেখক: Ngô Trọng Lư
বিন্যাস: গ্রন্থ
ভাষা:Undetermined
প্রকাশিত: H. Nông Nghiệp 2002
বিষয়গুলি:
ট্যাগগুলো: ট্যাগ যুক্ত করুন
কোনো ট্যাগ নেই, প্রথমজন হিসাবে ট্যাগ করুন!
Thư viện lưu trữ: Trung tâm Học liệu Trường Đại học Cần Thơ
LEADER 00525nam a2200181Ia 4500
001 CTU_51957
008 210402s9999 xx 000 0 und d
082 |a 639.37 
082 |b L550 
100 |a Ngô Trọng Lư 
245 0 |a Kỹ thuật nuôi cá trê, lươn, giun đất 
245 0 |c Ngô Trọng Lư và Lê Đăng Khuyến 
260 |a H. 
260 |b Nông Nghiệp 
260 |c 2002 
650 |a fish-culture 
904 |i Minh 
980 |a Trung tâm Học liệu Trường Đại học Cần Thơ